Volanie po zákone
Nový zákon o vinohradníctve a vinárstve nahrádza zákon č. 332/1996, ktorého novela vstúpila doplatnosti 1. 1. 2003. Nový zákon mal vstúpiť do platnosti k 1. 5. 2004. Spor kompetencií. Negatívne dôsledky oneskoreného prijatia zákona. Slovensko nemá zatiaľ usmernenú reprodukciu víníc. Spotrebitelia sa...
Guardado en:
| Autor principal: | |
|---|---|
| Formato: | Capítulo de libro |
| Lenguaje: | eslovaco |
| Materias: | |
| Etiquetas: |
Sin Etiquetas, Sea el primero en etiquetar este registro!
|
MARC
| LEADER | 00000naa$a2200000$$$4500 | ||
|---|---|---|---|
| 001 | 0024500 | ||
| 005 | 20231107125752.1 | ||
| 041 | 0 | |a slo | |
| 044 | |a SK | ||
| 245 | 1 | 0 | |a Volanie po zákone |c Radovan Čičvara |
| 520 | |a Nový zákon o vinohradníctve a vinárstve nahrádza zákon č. 332/1996, ktorého novela vstúpila doplatnosti 1. 1. 2003. Nový zákon mal vstúpiť do platnosti k 1. 5. 2004. Spor kompetencií. Negatívne dôsledky oneskoreného prijatia zákona. Slovensko nemá zatiaľ usmernenú reprodukciu víníc. Spotrebitelia sa vracajú k národným značkám. Výsledky produkcie vína za rok 2004. | ||
| 610 | 2 | 0 | |a vinohradníctvo |
| 610 | 2 | 0 | |a víno |
| 610 | 2 | 0 | |a zákony |
| 610 | 2 | 0 | |a Slovensko |
| 610 | 2 | 0 | |a Európska únia |
| 610 | 2 | 0 | |a produkcia |
| 610 | 2 | 0 | |a 2004 |
| 100 | 1 | |a Čičvara, Radovan | |